000 00709nas a2200253 4500
001 BR7901728
003 BR-BrBNA
005 20231205083651.0
007 ta
008 230509b bl.|||p| |||| 00| 00por d
040 _aBR-BrBNA
_bpor
_cBiblioteca Nacional de Agricultura
041 _a(Pt)
072 _aF60
100 1 _aPons, A.L.
245 1 _aNitrogenio na cultura do milho [Zea mays]
650 _aFISIOLOGIA VEGETAL
650 _aNUTRICAO VEGETAL
650 _aMILHO
650 _aANALISE QUIMICA
650 _aNITROGENIO
773 0 _tIPAGRO Informa (Brazil)
_xISSN 0100-3410
_g(Sep 1978), (no. 20) p. 31-34
_wBR7901728
909 _a202311
_bLúcia
_c55
_dLúcia Elande
942 _2AGRIS
_n0
_cANA
999 _c100434
_d100434